International competitiveness in electronics
Đã lưu trong:
| Formáid: | Leabhar |
|---|---|
| Teanga: | Undetermined |
| Foilsithe: |
Washington, D.C.
Congress of the U.S., Office of Technology Assessment
1983
|
| Ábhair: | |
| Clibeanna: |
Cuir Clib Leis
Gan Chlibeanna, Bí ar an gcéad duine leis an taifead seo a chlibeáil!
|
| Thư viện lưu trữ: | Trung tâm Học liệu Trường Đại học Cần Thơ |
|---|
| LEADER | 00559nam a2200169Ia 4500 | ||
|---|---|---|---|
| 001 | CTU_111990 | ||
| 008 | 210402s9999 xx 000 0 und d | ||
| 082 | |a 338.47621381 | ||
| 082 | |b I.61 | ||
| 245 | 0 | |a International competitiveness in electronics | |
| 260 | |a Washington, D.C. | ||
| 260 | |b Congress of the U.S., Office of Technology Assessment | ||
| 260 | |c 1983 | ||
| 650 | |a Electronic industries,Electronic industries,Competition, international | ||
| 650 | |z United States | ||
| 904 | |i Năm | ||
| 980 | |a Trung tâm Học liệu Trường Đại học Cần Thơ | ||